000 01283cam a2200313 i 4500
001 801190
003 GBCCL
005 20241126110423.0
008 751111m19751978miu bd 001 0 eng
010 _a 75038895
020 _a0853641773 (v. 1)
040 _aDLC
_cDLC
_dDLC
041 1 _aengger
050 0 0 _aBS2312
_b.N48 1975
082 0 0 _a225.3
_a230.03
_219
_bNEW
245 0 4 _aThe New international dictionary of New Testament theology /
_cColin Brown, general editor.
260 _aGrand Rapids, Mich. :
_bZondervan Pub. House,
_cc1975-1978.
300 _a3 v. ;
_c25 cm.
500 _aDictionary of New Testament theology.
500 _a"Translated, with additions and revisions, from the German Theologisches Begriffslexikon zum Neuen Testament, edited by Lothar Coenen, Erich Beyreuther and Hans Bietenhard."
500 _a"Companion volume: The new international dictionary of the Christian Church."
504 _aIncludes bibliographical references and indexes.
630 0 0 _aBible.
_pNew Testament
_xTheology
_xDictionaries.
_92566
630 0 0 _aBible.
_pNew Testament
_xDictionaries.
_92567
700 1 _aBrown, Colin,
_d1932-
_92568
740 _aDictionary of New Testament theology.
906 _a7
_bcbc
_corignew
_d1
_eocip
_f19
_gy-gencatlg
942 _2ddc
_cREF
999 _c2211
_d2211